Second Biggest City in Each U.S. State - Statistics

General Stats
  • This quiz has been taken 8 times
  • The average score is 32 of 50
Answer Stats
State City % Correct
Florida Miami
100%
Pennsylvania Pittsburgh
100%
Georgia Augusta
88%
Maryland Columbia
88%
South Carolina Columbia
88%
Alaska Fairbanks
88%
Wisconsin Madison
88%
Tennessee Memphis
88%
Alabama Montgomery
88%
North Carolina Raleigh
88%
Missouri Saint Louis
88%
Minnesota Saint Paul
88%
Texas San Antonio
88%
California San Diego
88%
Oklahoma Tulsa
88%
Louisiana Baton Rouge
75%
North Dakota Bismarck
75%
New York Buffalo
75%
Wyoming Casper
75%
Ohio Cleveland
75%
Colorado Colorado Springs
75%
Delaware Dover
75%
New Jersey Jersey City
75%
Nebraska Lincoln
75%
Oregon Salem
75%
Washington Spokane
75%
Indiana Fort Wayne
63%
Michigan Grand Rapids
63%
New Mexico Las Cruces
63%
Kentucky Lexington
63%
Montana Missoula
63%
Virginia Norfolk
63%
South Dakota Rapid City
63%
Iowa Cedar Rapids
50%
Arkansas Fort Smith
50%
Nevada Henderson
50%
Connecticut New Haven
50%
Massachusetts Worcester
50%
Illinois Aurora
38%
Hawaii East Honolulu
38%
Mississippi Gulfport
38%
Idaho Meridian
38%
New Hampshire Nashua
38%
Kansas Overland Park
38%
Arizona Tuscon
38%
West Virginia Huntington
25%
Utah West Valley City
25%
Rhode Island Cranston
13%
Maine Lewiston
13%
Vermont South Burlington
13%
No matching quizzes found
Score Distribution
Percent of People with Each Score
Percentile by Number Answered
Your Score History
You have not taken this quiz